000 00903 a2200205 4500
020 _a0780347021
040 _aDLC
_bDLC
082 0 0 _a621.382/1
100 1 _aRobertazzi, Thomas G.
245 1 0 _aPlanning telecommunication networks
_cThomas G. Robertazzi ; IEEE Communications Society, sponsor.
260 _aNew York :
_bInstitute of Electrical and Electronics Engineers,
_cc1999.
300 _axv, 188 p. :
_bill. ;
_c24 cm.
500 _a"IEEE order number: PC5755"--T.p. verso.
650 0 _aTelecommunication systems
_xPlanning.
710 2 _aIEEE Communications Society.
856 4 2 _3Contributor biographical information
_uhttp://www.loc.gov/catdir/bios/wiley045/98038908.html
856 4 2 _3Publisher description
_uhttp://www.loc.gov/catdir/description/wiley039/98038908.html
856 4 2 _3Table of Contents
_uhttp://www.loc.gov/catdir/toc/onix07/98038908.html
942 _cBK
_k621.3821 ROB
_2ddc
999 _c8211
_d8211